An introduction to polymer physics / (Record no. 1871)
[ view plain ]
| 000 -LEADER | |
|---|---|
| fixed length control field | 00682cam a22001814a 4500 |
| 020 ## - ISBN | |
| International Standard Book Number | 0521631378 |
| 020 ## - ISBN | |
| International Standard Book Number | 052163721X (pb.) |
| 050 00 - LIBRARY OF CONGRESS CALL NUMBER | |
| Classification Number | QD381.8 |
| Item Number | .B67 2002 |
| 100 1# - MAIN ENTRY--Author | |
| Personal name | Bower, David I., |
| Dates associated with a name | 1937- |
| 245 13 - TITLE | |
| Title | An introduction to polymer physics / |
| Statement of responsibility, etc | David I. Bower. |
| 260 ## - PUBLICATION, DISTRIBUTION, ETC.(IMPRINT) | |
| Place of publication, distribution, etc | Cambridge ; |
| -- | New York : |
| Name of publisher, distributor, etc | Cambridge University Press, |
| Date of publication, distribution, etc | 2002. |
| 300 ## - PHYSICAL DESCRIPTION | |
| Extent | xx, 444 p. : |
| 856 41 - URL/ELECTRONIC LOCATION AND ACCESS | |
| Uniform Resource Identifier | <a href="http://www.loc.gov/catdir/samples/cam041/2001037966.html">http://www.loc.gov/catdir/samples/cam041/2001037966.html</a> |
| 856 42 - URL/ELECTRONIC LOCATION AND ACCESS | |
| Uniform Resource Identifier | <a href="http://www.loc.gov/catdir/description/cam022/2001037966.html">http://www.loc.gov/catdir/description/cam022/2001037966.html</a> |
| 856 41 - URL/ELECTRONIC LOCATION AND ACCESS | |
| Uniform Resource Identifier | <a href="http://www.loc.gov/catdir/toc/cam021/2001037966.html">http://www.loc.gov/catdir/toc/cam021/2001037966.html</a> |
| 856 42 - URL/ELECTRONIC LOCATION AND ACCESS | |
| Uniform Resource Identifier | <a href="http://www.loc.gov/catdir/enhancements/fy0731/2001037966-b.html">http://www.loc.gov/catdir/enhancements/fy0731/2001037966-b.html</a> |
| 942 ## - ADDED ENTRY ELEMENTS(KOHA) | |
| Koha item type | General circulation |
| Source of classification or shelving scheme | Not for loan | Location (home branch) | Sublocation (holding branch) | Date accessioned | Cost, normal purchase price | Full call number | Barcode | Copy number | Cost, replacement price | Koha item type | Public note |
|---|---|---|---|---|---|---|---|---|---|---|---|
| Library of Congress Classification | Main Campus Library | Main Campus Library | 26/08/2014 | 6435.39 | QD381.8 .B67 2002 | 2016/012191 | C1 | 6935.00 | General circulation | leo | |
| Library of Congress Classification | Main Campus Library | Main Campus Library | 27/08/2014 | 6435.39 | QD381.8 .B67 2002 | 2016/012192 | C2 | 6935.00 | General circulation | leo |